00590 2200205 4500001002100000008004100021035002000062245008300082100001800165250001000183260002900193300003300222020002200255084001600277520003000293082001000323650002900333990001100362990001100373INLIS000000000015427 ind  a0010-1222000506 aJangan Berpaling, Bertahanlah di jalan InicEwa Abdullah; penyunting, Mardiati aEWA, Abdullah acet.1 aDepok :bAl Qalam,c2019 axvii, 155 hal.: ilus.c23 cm a978-602-7769-27-4 a153.8 EWA j aBibliografi : hal.153-155 a153.8 aPSIKOLOGI. MOTIVASI DIRI a9785 a a9785 b